000 00639nam a2200253Ia 4500
005 20260306152742.0
008 008 260114s9999 xx 000 0 eng d
020 _a9789354392696
037 _aEBOOK
040 _aCRL
040 _beng
040 _cCRL
041 _2eng
041 _aeng
084 _qCRL
100 _aNajma Khan
_9138281
245 0 _aQuantitative Methods in Geographical Research
260 _bConcept Publishing Company Pvt. Ltd.
260 _c2002
856 _uhttps://www.asapglobe.com/searchtitles.aspx?query=9789354392696
942 _cEBOOK
999 _c1701396
_d1701396